|
LDR
| 02123nam a2200589 i 4500 |
|---|
| 001 | 23418 |
|---|
| 003 | CZ-PrJAB |
|---|
| 005 | 20151105145303.0 |
|---|
| 007 | ta |
|---|
| 008 | 150902s2015 xr f f 000 0 cze |
|---|
| 015 | | . |
‡acnb002728807 |
|---|
| 020 | | . |
‡a978-80-262-0928-7
‡q(brožováno) |
|---|
| 035 | | . |
‡a(CZ PrNK)nkc20152728807 |
|---|
| 040 | | . |
‡aABA001
‡bcze
‡erda |
|---|
| 072 | | 7. |
‡a373.2/.3
‡xPředškolní a primární výchova a vzdělávání
‡2Konspekt
‡922 |
|---|
| 080 | | . |
‡a373.2
‡2MRF |
|---|
| 080 | | . |
‡a316.344.6-053.2:616.89-008.481
‡2MRF |
|---|
| 080 | | . |
‡a616.89-008.47-008.481
‡2MRF |
|---|
| 080 | | . |
‡a616.89-008.47
‡2MRF |
|---|
| 080 | | . |
‡a159.922.7
‡2MRF |
|---|
| 080 | | . |
‡a37.04
‡2MRF |
|---|
| 080 | | . |
‡a371.321
‡2MRF |
|---|
| 080 | | . |
‡a37.018.26
‡2MRF |
|---|
| 080 | | . |
‡a(072)
‡2MRF |
|---|
| 100 | 1 | . |
‡aŠkrdlíková, Petra,
‡d1968-
‡7xx0068412
‡4aut |
|---|
| 245 | 1 | 0. |
‡aHyperaktivní předškoláci :
‡bvýchova a vzdělávání dětí s ADHD /
‡cPetra Škrdlíková |
|---|
| 250 | | . |
‡aVydání první |
|---|
| 264 | | 1. |
‡aPraha :
‡bPortál,
‡c2015 |
|---|
| 300 | | . |
‡a137 stran ;
‡c23 cm |
|---|
| 336 | | . |
‡atext
‡btxt
‡2rdacontent |
|---|
| 337 | | . |
‡abez média
‡bn
‡2rdamedia |
|---|
| 338 | | . |
‡asvazek
‡bnc
‡2rdacarrier |
|---|
| 504 | | . |
‡aObsahuje bibliografie |
|---|
| 650 | 0 | 7. |
‡apředškolní výchova
‡7ph124887
‡2czenas |
|---|
| 650 | 0 | 7. |
‡ahyperaktivní děti
‡7ph575090
‡2czenas |
|---|
| 650 | 0 | 7. |
‡aporucha pozornosti spojená s hyperaktivitou
‡7ph120994
‡2czenas |
|---|
| 650 | 0 | 7. |
‡aporucha pozornosti
‡7ph420380
‡2czenas |
|---|
| 650 | 0 | 7. |
‡apsychologie dítěte
‡7ph117256
‡2czenas |
|---|
| 650 | 0 | 7. |
‡aspeciální vzdělávací potřeby
‡7ph754025
‡2czenas |
|---|
| 650 | 0 | 7. |
‡apedagogické dovednosti
‡7ph157201
‡2czenas |
|---|
| 650 | 0 | 7. |
‡arodina a škola
‡7ph125181
‡2czenas |
|---|
| 650 | 0 | 9. |
‡apreschool education
‡2eczenas |
|---|
| 650 | 0 | 9. |
‡ahyperactive children
‡2eczenas |
|---|
| 650 | 0 | 9. |
‡aattention deficit hyperactivity disorder
‡2eczenas |
|---|
| 650 | 0 | 9. |
‡aattention deficit disorder
‡2eczenas |
|---|
| 650 | 0 | 9. |
‡achild psychology
‡2eczenas |
|---|
| 650 | 0 | 9. |
‡aspecial educational needs
‡2eczenas |
|---|
| 650 | 0 | 9. |
‡ateaching skills
‡2eczenas |
|---|
| 650 | 0 | 9. |
‡ahome and school
‡2eczenas |
|---|
| 655 | | 7. |
‡ametodické příručky
‡7fd132826
‡2czenas |
|---|
| 655 | | 9. |
‡amethodological manuals
‡2eczenas |
|---|
| 910 | | . |
‡aABG312 |
|---|
| 901 | | . |
‡a23418
‡b
‡c23418
‡tbiblio |
|---|